000 00593nmm a2200193Ia 4500
008 251105s9999||||xx |||||||||||||||||und||
020 _a9788433979407
041 _aspa
100 _aZulaika Goicoechea, Jesús
245 0 _aCómo hacerse asquerosamente rico en el Asia emergente
264 _a[Madrid, España] :
_bEditorial Anagrama,
_c2015
300 _a208 páginas
490 _aPanorama de narrativas
650 _aOther narratives
700 _aZulaika Goicoechea, Jesús
700 1 _a Hamid, Mohsin
856 _uhttps://public.digitaliapublishing.com/a/42190
942 _cCF
999 _c72818
_d72818